Feminist inquiry : from political conviction to methodological innovation
Αποθηκεύτηκε σε:
| Κύριος συγγραφέας: | |
|---|---|
| Μορφή: | Βιβλίο |
| Γλώσσα: | English |
| Δημοσίευση: |
New Brunswick, N.J. :
Rutgers University Press,
c2006
|
| Θέματα: | |
| Ετικέτες: |
Προσθήκη ετικέτας
Δεν υπάρχουν, Καταχωρήστε ετικέτα πρώτοι!
|
MARC
| LEADER | 00000cam a2200000 i 4500 | ||
|---|---|---|---|
| 001 | 1/4250 | ||
| 008 | 100208s2006 eng d | ||
| 020 | |a 978-0-8135-3705-4 (pbk.) | ||
| 035 | |l 10106678 | ||
| 040 | |a GR-MY-UA |b gre |e aacr | ||
| 041 | 0 | |a eng | |
| 082 | 0 | |a 305.4201 |2 (22) | |
| 100 | 1 | |a Hawkesworth, M. E., |d 1952- | |
| 245 | 1 | 0 | |a Feminist inquiry : |b from political conviction to methodological innovation / |c Mary Hawkesworth |
| 260 | |a New Brunswick, N.J. : |b Rutgers University Press, |c c2006 | ||
| 300 | |a xi, 286 σ.; |c 24 εκ. | ||
| 504 | |a Βιβλιογραφία: σ. 249-269 | ||
| 504 | |a Ευρετήριο: σ. 271-286 | ||
| 650 | 0 | 0 | |a Feminist theory. |
| 852 | |a INST |b LESVOS |e 20100208 |h 305.4201 HAW |p 005100045785 |q 005100045785 |t BK |y 0 | ||
| 901 | |a BIBL1-2010-1 | ||
| 909 | |a Λ |b 162704 | ||
| 970 | |a ΓΙΑΛΑΜΑ |b ΜΑΡΙΑ |z 2010/02/08 | ||